Equidad, integración social y desarrollo : hacia un nuevo enfoque para la política social en América Latina (Registro nro. 13575)
[ vista simple ]
| 000 -LEADER | |
|---|---|
| fixed length control field | 00659nam a2200217Ia 4500 |
| 005 - DATE AND TIME OF LATEST TRANSACTION | |
| control field | 20251006225558.0 |
| 008 - FIXED-LENGTH DATA ELEMENTS--GENERAL INFORMATION | |
| fixed length control field | 251006t2000||||xx |||||||||||||| ||und|| |
| 040 ## - CATALOGING SOURCE | |
| Original cataloging agency | CBC |
| 100 ## - MAIN ENTRY--PERSONAL NAME | |
| Personal name | Iguíñiz Echeverria, Javier |
| 100 ## - MAIN ENTRY--PERSONAL NAME | |
| Personal name | Sagasti Hochhausler, Francisco |
| 100 ## - MAIN ENTRY--PERSONAL NAME | |
| Personal name | Schuldt, Jürgen |
| 245 ## - TITLE STATEMENT | |
| Title | Equidad, integración social y desarrollo : hacia un nuevo enfoque para la política social en América Latina |
| 300 ## - PHYSICAL DESCRIPTION | |
| Extent | p. 48-52 |
| 650 ## - SUBJECT ADDED ENTRY--TOPICAL TERM | |
| Topical term or geographic name entry element | CRECIMIENTO ECONOMICO |
| 650 ## - SUBJECT ADDED ENTRY--TOPICAL TERM | |
| Topical term or geographic name entry element | EQUIDAD ECONOMICA |
| 650 ## - SUBJECT ADDED ENTRY--TOPICAL TERM | |
| Topical term or geographic name entry element | EQUIDAD SOCIAL |
| 650 ## - SUBJECT ADDED ENTRY--TOPICAL TERM | |
| Topical term or geographic name entry element | POLITICA SOCIAL |
| 651 ## - SUBJECT ADDED ENTRY--GEOGRAPHIC NAME | |
| Geographic name | AMERICA LATINA |
| 773 ## - HOST ITEM ENTRY | |
| Main entry heading | Moneda No. 118 (2000) |
| 942 ## - ADDED ENTRY ELEMENTS (KOHA) | |
| Catalogador | MJCh |
No hay ítems disponibles.